[Event "FRA Cup 1/64"]
[Site "Gif Sur Yvette"]
[Date "2004.02.08"]
[Round "?.2"]
[White "Delafoy, Ludovic"]
[Black "Seret, Jean Luc"]
[Result "0-1"]
[WhiteElo "1980"]
[BlackElo "2315"]
[PlyCount "62"]
[EventDate "2004.02.08"]
[EventType "team-match"]
[EventCountry "FRA"]
[SourceTitle "EXT 2023"]
[Source "ChessBase"]
[SourceDate "2022.10.05"]
[SourceVersion "1"]
[SourceVersionDate "2022.10.05"]
[SourceQuality "1"]
[WhiteTeam "Leves"]
[BlackTeam "Gif sur Yvette"]
[WhiteTeamCountry "FRA"]
[BlackTeamCountry "FRA"]

1. e4 d6 2. d4 Nf6 3. Nc3 Nbd7 4. f4 e5 5. fxe5 dxe5 6. Bg5 h6 7. Bh4 c6 8. Nf3 Qb6 9. Qd3 exd4 10. Nxd4 Qxb2 11. Rb1 Qa3 12. Be2 Bb4 13. Rxb4 Qxb4 14. 0-0 Ne5 15. Qd2 Qd6 16. Bxf6 gxf6 17. Qe3 Bg4 18. Nf5 Bxf5 19. Rxf5 Ke7 20. Rf1 Rad8 21. Rd1 Qb4 22. Rb1 Qd4 23. Rxb7+ Ke6 24. Qxd4 Rxd4 25. Rxa7 Rd2 26. Kf1 Rhd8 27. a4 Rxc2 28. Nd1 Rc1 29. Kf2 Rdxd1 30. Bxd1 Rxd1 31. a5 Ra1 0-1